000 00323 a2200133 4500
001 154681
040 _cEscola São Tomás de Aquino
100 _aVILLA, Marco Antonio
240 1 0 _aSociedade e história do brasil
_lpor
245 1 0 _aSociedade e história do brasil
300 _a43
697 _aHISTÓRIA
942 _cBK
999 _c154681
_d154681